| 000 | 00700nam a2200181 i 4500 | ||
|---|---|---|---|
| 001 | 104639 | ||
| 003 | ES-MaACL | ||
| 005 | 20230906183643.0 | ||
| 007 | t| | ||
| 008 | 051202s1959 sp ||||1| spa d | ||
| 110 | 2 |
_aEspaña. _bMinisterio de Educación Nacional. _93859 |
|
| 245 | 1 | 0 |
_aColoquios sobre la protección escolar y la ayuda al estudio / _cMinisterio de Educación Nacional. |
| 260 |
_aMadrid : _b[s.n.], _c1959 ( _fImp. Estades) |
||
| 300 |
_a167 p. ; _c22 cm. |
||
| 500 | _aPrecede al tít.: Comisaría de Protección Escolar y Asistencia Social. | ||
| 710 | 1 |
_aEspaña. _bComisaría General de Protección Escolar y Asistencia Social. _93634 |
|
| 852 |
_aES-MaACL _jC-25405 _bR.50695 |
||
| 999 |
_c104639 _d104639 |
||